000
00253nam a22001097a 4500
008
170124b xxu||||| |||| 00| 0 eng d
020
_a
0721613012
041
_a
eng
080
_a
618.2
245
_a
EMT PREHOSPITAL CARE
_c
HENRY STAPLETON
942
_2
udc
_c
BK
999
_c
3422
_d
3422